000 00644nam a2200241Ia 4500
003 OSt
005 20220918205207.0
006 a|||||r|||| 00| 0
007 ta
008 220917b |||||||| |||| 00| 0 eng d
024 _a115,669
037 _cTextual
040 _aARTS
_cARTS
_beng
041 _2eng
_aeng
082 _aV614:1:N7, L0
100 _aLemarchand Rene
_9114383
245 0 _aRwanda and Burundi
260 _aLondon
_bPall Mall Press UK
_c1970
490 _aPall mall library of African affairs
650 _aHISTORY
942 _hV614:1:N7, L0
_cTEXL
_2CC
999 _c238998
_d238998